书目信息 |
| 题名: |
鱼类药理学
|
|
| 作者: | 杨先乐 主编 | |
| 分册: | ||
| 出版信息: | 北京 中国农业出版社 2011.12 |
|
| 页数: | 293页 | |
| 开本: | 26cm | |
| 丛书名: | ||
| 单 册: | ||
| 中图分类: | S942 | |
| 科图分类: | ||
| 主题词: | 渔业--资源保护 , 水产--保护学 | |
| 电子资源: | ||
| ISBN: | 7-109-16195-1 | |
| 000 | 00595nam0 2200205 450 | |
| 001 | 2360996983 | |
| 005 | 20230216165744.83 | |
| 010 | @a7-109-16195-1@dCNY43.00 | |
| 100 | @a20230216d2011 km y0chiy0120 ea | |
| 101 | 0 | @achi |
| 102 | @aCN@b110000 | |
| 200 | 1 | @a鱼类药理学@AYu Lei Yao Li Xue@f杨先乐主编@FYang Xian Yue Zhu Bian |
| 210 | @a北京@c中国农业出版社@d2011.12 | |
| 215 | @a293页@d26cm | |
| 606 | 0 | @a渔业@x资源保护 |
| 606 | 0 | @a水产@x保护学 |
| 690 | @aS942@v4 | |
| 701 | 0 | @a杨先乐@AYang Xian Yue@4主编 |
| 801 | 0 | @aCN@b大连网信软件有限公司图书馆·11@c20230216 |
| 905 | @aZUCC@dS942@e68 | |
| 鱼类药理学/杨先乐主编.-北京:中国农业出版社,2011.12 |
| 293页;26cm |
| ISBN 7-109-16195-1:CNY43.00 |
| ● |
| 相关链接 |
|
|
|
|
正题名:鱼类药理学
索取号:S942/68
 
预约/预借
| 序号 | 登录号 | 条形码 | 馆藏地/架位号 | 状态 | 备注 |
| 1 | 1052690 | 210526901 | 第二样本阅览室/ [索取号:S942/68] | 在馆 |